| 000 -LEADER |
| fixed length control field |
00667nam a22002297a 4500 |
| 005 - DATE AND TIME OF LATEST TRANSACTION |
| control field |
20150327122400.0 |
| 008 - FIXED-LENGTH DATA ELEMENTS--GENERAL INFORMATION |
| fixed length control field |
070413s2006 caua s 001 0 eng d |
| 020 ## - INTERNATIONAL STANDARD BOOK NUMBER |
| Cancelled/invalid ISBN |
9780072262285 |
| 041 0# - LANGUAGE CODE |
| Language code of text/sound track or separate title |
eng |
| 080 ## - UNIVERSAL DECIMAL CLASSIFICATION NUMBER |
| Universal Decimal Classification number |
004 |
| 100 1# - Rafti |
| Rafti |
Sunderic, Dejan. |
| 245 10 - TITLE STATEMENT |
| Title |
Microsoft SQL Server 2005 stored procedure programming in T-SQL & .NET, third edition |
| Statement of responsibility, etc |
Dejan Sunderic. |
| 250 ## - |
| -- |
3rd ed. |
| 260 ## - |
| -- |
San Francisco : |
| -- |
McGraw-Hill, |
| -- |
2006 |
| 300 ## - |
| -- |
664 f. |
| -- |
me il.; |
| -- |
23 cm |
| 505 ## - |
| -- |
Index: f. 655 - 664 |
| 630 00 - |
| -- |
SQL server. |
| 650 #0 - |
| -- |
Kompjuter |
| 650 #0 - |
| -- |
Program |
| 655 #7 - |
| -- |
Electronic books. |
| 942 ## - ADDED ENTRY ELEMENTS (KOHA) |
| Source of classification or shelving scheme |
|
| Item type |
Books |